[Event "5. OPEN International Championship of Vo"]
[Site "Novi Sad"]
[Date "2015.07.25"]
[Round "2.1"]
[White "Jocev, Milan"]
[Black "Atalik, Suat"]
[Result "0-1"]
[WhiteElo "2200"]
[BlackElo "2564"]
[PlyCount "96"]
[EventDate "2015.07.25"]

1. e4 c6 2. d4 d5 3. Nc3 dxe4 4. Nxe4 Bf5 5. Ng3 Bg6 6. h4 h6 7. Nf3 e6 8. Ne5
Bh7 9. Bd3 Bxd3 10. Qxd3 Nd7 11. Nxd7 Qxd7 12. Be3 Nf6 13. Ne4 Qd5 14. Nxf6+
gxf6 15. Qb3 b5 16. Qxd5 cxd5 17. h5 f5 18. c3 Kd7 19. Ke2 a5 20. a4 b4 21.
Rhc1 Rc8 22. cxb4 Bxb4 23. Rxc8 Rxc8 24. Rc1 Rb8 25. Bxh6 Rh8 26. Bf4 Rxh5 27.
Rc7+ Ke8 28. Rc8+ Ke7 29. Rc7+ Kf8 30. Be5 Rh1 31. Rc8+ Ke7 32. Rc7+ Kd8 33.
Rxf7 Rb1 34. Kf3 Rxb2 35. g4 Rb3+ 36. Kg2 fxg4 37. Rg7 Ra3 38. Rxg4 Rxa4 39.
Rg6 Kd7 40. Rg7+ Kc6 41. Rg6 Ra2 42. Rxe6+ Kb5 43. Bf4 a4 44. Re8 Rc2 45. Rb8+
Kc4 46. Rc8+ Kb3 47. Rb8 a3 48. Bd6 Rc6 0-1

[Event "5. OPEN International Championship of Vo"]
[Site "Novi Sad"]
[Date "2015.07.25"]
[Round "2.2"]
[White "Kadric, Denis"]
[Black "Banovic, Ivan"]
[Result "1-0"]
[WhiteElo "2511"]
[BlackElo "2199"]
[PlyCount "69"]
[EventDate "2015.07.25"]

1. e4 g6 2. d4 Bg7 3. Nc3 c6 4. f4 d5 5. e5 h5 6. Nf3 Bg4 7. Be3 Nh6 8. h3 Bxf3
9. Qxf3 Nf5 10. Bf2 h4 11. Bd3 e6 12. O-O Nd7 13. Ne2 Bf8 14. b3 Be7 15. c4 Kf8
16. Rfc1 Kg7 17. c5 b5 18. a4 bxa4 19. Rxa4 Qc7 20. Rca1 Rhb8 21. b4 f6 22.
Bxf5 exf5 23. Bxh4 Nf8 24. Qe3 Rb7 25. Nc1 fxe5 26. Bxe7 Qxe7 27. Qxe5+ Qxe5
28. dxe5 Ne6 29. Nd3 Kf7 30. Ra6 Rc7 31. Kf2 Ke7 32. h4 Kd7 33. Ke3 Rb7 34. g3
Nc7 35. e6+ 1-0

[Event "5. OPEN International Championship of Vo"]
[Site "Novi Sad"]
[Date "2015.07.25"]
[Round "2.3"]
[White "Stikovic, Dobrica"]
[Black "Lajthajm, Borko"]
[Result "1/2-1/2"]
[WhiteElo "2194"]
[BlackElo "2443"]
[PlyCount "143"]
[EventDate "2015.07.25"]

1. c4 Nf6 2. Nc3 d6 3. g3 c6 4. Bg2 e5 5. d4 Qc7 6. Nf3 Be7 7. O-O O-O 8. e4
Bg4 9. Be3 a6 10. dxe5 dxe5 11. h3 Be6 12. Nd2 Rd8 13. Qe2 Nbd7 14. Rfd1 Bc5
15. Nf1 Bxe3 16. Nxe3 Nf8 17. Rxd8 Rxd8 18. Rd1 Rd4 19. b3 Qa5 20. Qb2 h5 21.
Nc2 Rxd1+ 22. Nxd1 h4 23. b4 Qd8 24. Nde3 hxg3 25. fxg3 Ng6 26. Qc3 Nh5 27. Kh2
Qg5 28. Qe1 b5 29. cxb5 axb5 30. a3 Bb3 31. h4 Qd8 32. Qc3 Bxc2 33. Qxc2 Qc7
34. Qc5 Qd7 35. Nf5 Nf6 36. Bf3 Qd3 37. Qe3 Qxe3 38. Nxe3 Ne7 39. Ng4 Nd7 40.
Ne3 Nb6 41. Bg4 Na4 42. Bd7 Nb6 43. Bh3 Kf8 44. Bf1 Nec8 45. Kg2 Nd6 46. Kf3 f6
47. g4 Kf7 48. Bd3 Nbc8 49. g5 fxg5 50. hxg5 Kg6 51. Kg4 Nf7 52. Nf5 Nxg5 53.
Nxg7 Nf7 54. Nf5 Kf6 55. Bc2 Nb6 56. Bb3 Ng5 57. Nd6 Ne6 58. Nf5 Na4 59. Kf3
Nc3 60. Ke3 Nb1 61. a4 bxa4 62. Bxa4 Na3 63. Bxc6 Nc2+ 64. Kd2 Nxb4 65. Ba8 Kg5
66. Ke3 Nc5 67. Nd6 Nc2+ 68. Kf3 Ne6 69. Nc4 Ned4+ 70. Kg3 Kf6 71. Nxe5 Kxe5
72. Bd5 1/2-1/2

[Event "5. OPEN International Championship of Vo"]
[Site "Novi Sad"]
[Date "2015.07.25"]
[Round "2.5"]
[White "Michalicka, Milan"]
[Black "Saric, Sinisa"]
[Result "0-1"]
[WhiteElo "2187"]
[BlackElo "2420"]
[PlyCount "86"]
[EventDate "2015.07.25"]

1. d4 Nf6 2. c4 g6 3. Nc3 Bg7 4. e4 d6 5. Nf3 O-O 6. Be2 Na6 7. O-O e5 8. Re1
Qe8 9. Bf1 Bg4 10. Be3 Bxf3 11. Qxf3 Ng4 12. dxe5 Nxe3 13. Qxe3 Qxe5 14. a3 Nc5
15. Rad1 Rfe8 16. Bd3 Ne6 17. Bb1 Qh5 18. b4 a5 19. Ne2 axb4 20. axb4 Ra4 21.
Rd5 Qh4 22. c5 dxc5 23. bxc5 Qe7 24. Red1 c6 25. Rd7 Qxc5 26. Rxb7 Qxe3 27.
fxe3 Ra1 28. Rc1 Rd8 29. Kf2 c5 30. Rc2 Rd1 31. Ba2 Rf1+ 32. Kg3 Be5+ 33. Kh3
Ng5+ 34. Kg4 Nxe4 35. Nf4 h5+ 36. Kh3 Bxf4 37. Bxf7+ Kf8 38. exf4 Nd6 39. Bd5
Nxb7 40. Bxb7 Rac1 41. Rd2 Rxf4 42. Rd6 Kg7 43. g3 Rf6 0-1

[Event "5. OPEN International Championship of Vo"]
[Site "Novi Sad"]
[Date "2015.07.25"]
[Round "2.6"]
[White "Radovanovic, Nikola"]
[Black "Pecelj, Nedeljko"]
[Result "1-0"]
[WhiteElo "2420"]
[BlackElo "2182"]
[PlyCount "51"]
[EventDate "2015.07.25"]

1. d4 d5 2. c4 e6 3. Nc3 c5 4. cxd5 exd5 5. Nf3 Nc6 6. dxc5 d4 7. Na4 Bxc5 8.
Nxc5 Qa5+ 9. Bd2 Qxc5 10. Rc1 Qb6 11. e3 dxe3 12. Bxe3 Qxb2 13. Bc4 Nge7 14.
O-O O-O 15. Nd4 Bf5 16. Nxf5 Nxf5 17. Bc5 Rfe8 18. Rb1 Qf6 19. Rxb7 Ne5 20. Bb5
Rec8 21. Ba3 Rd8 22. Qa4 a6 23. Be2 Rd2 24. Rb2 Rd4 25. Qb3 Qg5 26. f4 1-0

[Event "5. OPEN International Championship of Vo"]
[Site "Novi Sad"]
[Date "2015.07.25"]
[Round "2.7"]
[White "Ilijc, Milan"]
[Black "Lukovic, Vladimir"]
[Result "0-1"]
[WhiteElo "2181"]
[BlackElo "2417"]
[PlyCount "54"]
[EventDate "2015.07.25"]

1. c4 e5 2. g3 Nc6 3. Bg2 Bc5 4. Nc3 a6 5. e3 d6 6. Nge2 Ba7 7. d4 exd4 8. exd4
Nge7 9. d5 Ne5 10. h3 Bf5 11. O-O Qd7 12. g4 Bg6 13. b3 h5 14. g5 Nf5 15. Nf4
Nh4 16. Nxg6 fxg6 17. Re1 O-O 18. Re2 Rf3 19. Be3 Nxg2 20. Bxa7 Nh4 21. Re4
Rxc3 22. Rxh4 Nf3+ 23. Kf1 Nxh4 24. Be3 Qxh3+ 25. Ke2 Re8 26. Qd4 Rcxe3+ 27.
fxe3 Nf5 0-1

[Event "5. OPEN International Championship of Vo"]
[Site "Novi Sad"]
[Date "2015.07.25"]
[Round "2.8"]
[White "Nadj Hedjesi, Balind"]
[Black "Zegarac, Vuk"]
[Result "1-0"]
[WhiteElo "2410"]
[BlackElo "2180"]
[PlyCount "128"]
[EventDate "2015.07.25"]

1. d4 d5 2. Bf4 Nf6 3. e3 e6 4. Nf3 Bd6 5. Ne5 O-O 6. Nd2 b6 7. Bd3 Bb7 8. Bg5
Be7 9. f4 c5 10. c3 Ne4 11. Bxe7 Qxe7 12. O-O cxd4 13. exd4 f5 14. Ndf3 Ba6 15.
Qa4 Bxd3 16. Nxd3 Nd7 17. Nfe5 Nxe5 18. Nxe5 Rfc8 19. Qb5 Qb7 20. a4 a6 21. Qb4
b5 22. g4 fxg4 23. f5 exf5 24. Rxf5 Rf8 25. Raf1 Rxf5 26. Rxf5 Nf6 27. Qd6 Re8
28. a5 Qc8 29. Rxf6 gxf6 30. Nd7 Rf8 31. Nxf8 Qxf8 32. Qxd5+ Qf7 33. Qa8+ Kg7
34. Qxa6 Qe7 35. Qxb5 Qe3+ 36. Kf1 Qf3+ 37. Ke1 Qh1+ 38. Qf1 Qxh2 39. a6 Qxb2
40. Qc4 g3 41. Qc7+ Kh6 42. Qf4+ Kh5 43. Qxg3 Qa1+ 44. Kd2 Qa2+ 45. Ke3 Qxa6
46. Qg8 Kh6 47. d5 Qc4 48. Kd2 f5 49. Qe6+ Kg5 50. Qe7+ Kg6 51. d6 Qd5+ 52. Kc1
Qh1+ 53. Kb2 Qg2+ 54. Kb3 Qd5+ 55. c4 Qd3+ 56. Kb4 Qd2+ 57. Kb5 Qb2+ 58. Kc6
Qb4 59. Qe6+ Kg5 60. d7 Qa4+ 61. Kd6 Qb4+ 62. c5 Qd4+ 63. Qd5 Qf4+ 64. Ke7 Qe3+
1-0

[Event "5. OPEN International Championship of Vo"]
[Site "Novi Sad"]
[Date "2015.07.25"]
[Round "2.9"]
[White "Jovanovic, Milenko"]
[Black "Rogac, Srdjan"]
[Result "1/2-1/2"]
[WhiteElo "2177"]
[BlackElo "2385"]
[PlyCount "64"]
[EventDate "2015.07.25"]

1. d4 Nf6 2. c4 e6 3. Nc3 Bb4 4. e3 O-O 5. Bd3 d5 6. a3 Bxc3+ 7. bxc3 c5 8.
cxd5 exd5 9. Ne2 b6 10. O-O Ba6 11. Bxa6 Nxa6 12. Qd3 Nc7 13. f3 Re8 14. Ng3
Ne6 15. a4 g6 16. Bd2 h5 17. h3 Qd6 18. Nh1 Rac8 19. a5 Rc6 20. axb6 axb6 21.
Rfb1 Ng7 22. Rb2 Qe6 23. Ng3 h4 24. Nf1 Nf5 25. Rab1 Ra8 26. dxc5 bxc5 27. Rb8+
Rxb8 28. Rxb8+ Rc8 29. Rxc8+ Qxc8 30. c4 Qa6 31. e4 dxe4 32. fxe4 Nd4 1/2-1/2

[Event "5. OPEN International Championship of Vo"]
[Site "Novi Sad"]
[Date "2015.07.25"]
[Round "2.10"]
[White "Leskur, Dejan"]
[Black "Remecki, Sinisa"]
[Result "1/2-1/2"]
[WhiteElo "2384"]
[BlackElo "2173"]
[PlyCount "33"]
[EventDate "2015.07.25"]

1. e4 c5 2. Nf3 Nc6 3. Nc3 e6 4. d4 cxd4 5. Nxd4 a6 6. Be3 Qc7 7. Qd2 Nf6 8. f3
Bb4 9. a3 Be7 10. g4 d6 11. g5 Nd7 12. h4 Nde5 13. Be2 Nxd4 14. Qxd4 O-O 15. f4
Nc6 16. Qd2 b5 17. f5 1/2-1/2

[Event "5. OPEN International Championship of Vo"]
[Site "Novi Sad"]
[Date "2015.07.25"]
[Round "2.11"]
[White "Manojlovic, Sava"]
[Black "Martic, Ivan"]
[Result "0-1"]
[WhiteElo "2172"]
[BlackElo "2383"]
[PlyCount "82"]
[EventDate "2015.07.25"]

1. d4 Nf6 2. Nf3 g6 3. c4 Bg7 4. Nc3 d5 5. g3 O-O 6. cxd5 Nxd5 7. Bg2 Nxc3 8.
bxc3 c5 9. O-O Nc6 10. e3 Qa5 11. Bd2 Qc7 12. Rc1 Bf5 13. d5 Na5 14. c4 Bb2 15.
Qa4 b6 16. Bxa5 bxa5 17. Rcd1 Rab8 18. e4 Bxe4 19. a3 Bc3 20. Ng5 Bf5 21. Ne4
Bd4 22. Rb1 Bd7 23. Qc2 Rxb1 24. Rxb1 Rb8 25. h4 f5 26. d6 Rxb1+ 27. Qxb1 Qb6
28. Qxb6 axb6 29. Bh3 e6 30. Ng5 Be5 31. f4 Bxd6 32. Bg2 Kg7 33. Kf2 h6 34. Nf3
Kf6 35. Ke3 e5 36. Bf1 Ke6 37. Be2 Ba4 38. Nd2 exf4+ 39. gxf4 Be7 40. Nf3 Bf6
41. Kd3 Bb2 0-1

[Event "5. OPEN International Championship of Vo"]
[Site "Novi Sad"]
[Date "2015.07.25"]
[Round "2.12"]
[White "Mrkonjic, Nenad"]
[Black "Titov, Ivan"]
[Result "1-0"]
[WhiteElo "2380"]
[BlackElo "2172"]
[PlyCount "105"]
[EventDate "2015.07.25"]

1. d4 g6 2. g3 Bg7 3. Bg2 Nh6 4. b4 O-O 5. Nf3 d5 6. O-O a5 7. b5 c6 8. bxc6
Nxc6 9. a4 Nf5 10. c3 b6 11. Re1 Bb7 12. Na3 e5 13. e3 Rc8 14. Qb3 Re8 15. Rd1
exd4 16. Nxd4 Ncxd4 17. cxd4 Re6 18. Bd2 h5 19. Rdc1 Rxc1+ 20. Rxc1 Bxd4 21.
Nc2 Bc5 22. Bxa5 Ba6 23. Bb4 Bc4 24. Qb2 Qd7 25. Bxc5 bxc5 26. Na3 Qxa4 27.
Nxc4 dxc4 28. Bd5 Rd6 29. Ra1 c3 30. Qxc3 Nd4 31. exd4 Qxd4 32. Qxd4 cxd4 33.
Bc4 Rc6 34. Ra4 Kg7 35. Kf1 g5 36. Ke2 h4 37. Kd3 Rf6 38. Ra2 Rd6 39. Ra6 Rd7
40. Ra5 Kg6 41. Rd5 Rb7 42. Rxd4 f5 43. gxh4 gxh4 44. Rxh4 Kg5 45. Rd4 f4 46.
Ke4 Re7+ 47. Kf3 Ra7 48. h4+ Kxh4 49. Rxf4+ Kh3 50. Ke3 Ra3+ 51. Bd3 Kg2 52.
Rg4+ Kh3 53. Rg6 1-0

[Event "5. OPEN International Championship of Vo"]
[Site "Novi Sad"]
[Date "2015.07.25"]
[Round "2.13"]
[White "Dronjic, Sinisa"]
[Black "Cabarkapa, Novak"]
[Result "1/2-1/2"]
[WhiteElo "2170"]
[BlackElo "2377"]
[PlyCount "80"]
[EventDate "2015.07.25"]

1. Nf3 Nf6 2. c4 g6 3. Nc3 Bg7 4. g3 O-O 5. Bg2 d5 6. cxd5 Nxd5 7. O-O Nc6 8.
a3 Nb6 9. Rb1 e5 10. d3 Nd4 11. Be3 Bg4 12. Nd2 c6 13. b4 Rb8 14. Nde4 Nc8 15.
h3 Bf5 16. Nc5 Nd6 17. N3e4 Bxe4 18. Nxe4 Nxe4 19. Bxe4 f5 20. Bg2 Qd6 21. Bxd4
exd4 22. Qb3+ Kh8 23. Rfc1 Rbe8 24. Rc2 Re5 25. Qc4 h5 26. Bf3 g5 27. b5 g4 28.
hxg4 hxg4 29. Bg2 c5 30. Bxb7 f4 31. gxf4 Rxf4 32. e3 Rf3 33. Kg2 Rh5 34. Rg1
Rf8 35. Rh1 Rxh1 36. Kxh1 Qh6+ 37. Kg1 dxe3 38. Qxc5 exf2+ 39. Rxf2 Rxf2 40.
Qxf2 g3 1/2-1/2

[Event "5. OPEN International Championship of Vo"]
[Site "Novi Sad"]
[Date "2015.07.25"]
[Round "2.14"]
[White "Costachi, Mihnea"]
[Black "Injac, Teodora"]
[Result "1-0"]
[WhiteElo "2360"]
[BlackElo "2165"]
[PlyCount "61"]
[EventDate "2015.07.25"]

1. d4 Nf6 2. c4 g6 3. Nc3 Bg7 4. e4 d6 5. Be2 O-O 6. Bg5 c5 7. d5 h6 8. Be3 e6
9. Nf3 exd5 10. exd5 Re8 11. O-O Bf5 12. Nd2 Na6 13. a3 g5 14. Re1 Nd7 15. h3
Ne5 16. Nf3 Nb8 17. Nxe5 Bxe5 18. Bd3 Qf6 19. h4 Bxd3 20. Qxd3 gxh4 21. Bd2 Nd7
22. Qh3 Nf8 23. Re4 Ng6 24. Rae1 Kh7 25. f4 Bd4+ 26. Kh1 Ne7 27. Kh2 Kg7 28.
Nb5 Ng6 29. Rxe8 Rxe8 30. Rxe8 Nxf4 31. Qg4+ 1-0

[Event "5. OPEN International Championship of Vo"]
[Site "Novi Sad"]
[Date "2015.07.25"]
[Round "2.15"]
[White "Kozhabekov, Adilkhan"]
[Black "Bergez, Luc"]
[Result "1-0"]
[WhiteElo "2161"]
[BlackElo "2341"]
[PlyCount "55"]
[EventDate "2015.07.25"]

1. e4 d5 2. exd5 Nf6 3. Nf3 Nxd5 4. d4 g6 5. Be2 Bg7 6. O-O O-O 7. h3 Bf5 8. a3
Qd6 9. Re1 c5 10. c4 Nf4 11. dxc5 Nxe2+ 12. Qxe2 Qxc5 13. Be3 Qd6 14. Rd1 Qe6
15. Nc3 Nc6 16. g4 Bxg4 17. hxg4 Qxg4+ 18. Kh1 Ne5 19. Nxe5 Qh4+ 20. Kg2 Bxe5
21. Rh1 Qf6 22. Nd5 Qd6 23. Bc5 Qb8 24. Bxe7 Re8 25. Qf3 Qc8 26. Rxh7 Bg7 27.
Rxg7+ Kxg7 28. Bf6+ 1-0

[Event "5. OPEN International Championship of Vo"]
[Site "Novi Sad"]
[Date "2015.07.25"]
[Round "2.16"]
[White "Nestorovic, Lazar"]
[Black "Navratil, Tomislav"]
[Result "1-0"]
[WhiteElo "2337"]
[BlackElo "2161"]
[PlyCount "45"]
[EventDate "2015.07.25"]

1. e4 a6 2. d4 b5 3. Bd3 Bb7 4. Qe2 e6 5. Nf3 c5 6. c3 Qc7 7. O-O Nc6 8. d5
Nce7 9. c4 bxc4 10. Bxc4 Nc8 11. Nc3 Nb6 12. Bb3 Nf6 13. a4 e5 14. a5 Nc8 15.
Ng5 Bd6 16. f4 O-O 17. f5 Na7 18. Bc4 Be7 19. Bd2 Ne8 20. Qh5 Bxg5 21. Bxg5 Nd6
22. f6 g6 23. Qh6 1-0

[Event "5. OPEN International Championship of Vo"]
[Site "Novi Sad"]
[Date "2015.07.25"]
[Round "2.17"]
[White "Popov, Jovan"]
[Black "Perisic, Radivoj"]
[Result "0-1"]
[WhiteElo "2156"]
[BlackElo "2337"]
[PlyCount "76"]
[EventDate "2015.07.25"]

1. d4 Nf6 2. c4 e6 3. Nc3 Bb4 4. a3 Bxc3+ 5. bxc3 c5 6. e3 Nc6 7. Bd3 b6 8. Nf3
O-O 9. O-O Ba6 10. e4 Ne8 11. Be3 d6 12. Qc2 Na5 13. Nd2 cxd4 14. cxd4 Rc8 15.
Qa4 d5 16. exd5 exd5 17. Bf5 Bxc4 18. Rfc1 Rc6 19. Nxc4 Rxc4 20. Rxc4 Nxc4 21.
Qxa7 Nxe3 22. fxe3 Qg5 23. Rf1 Nd6 24. Qd7 Qxe3+ 25. Kh1 Nxf5 26. Qxf5 Qxd4 27.
h3 Qc5 28. Qd7 Qxa3 29. Qxd5 Qc5 30. Qd7 Qc8 31. Qb5 Qe6 32. Rc1 Rb8 33. Rc6
Qe8 34. Kh2 h6 35. h4 Qe3 36. h5 Qf4+ 37. Kg1 Re8 38. Qf1 Qd4+ 0-1

[Event "5. OPEN International Championship of Vo"]
[Site "Novi Sad"]
[Date "2015.07.25"]
[Round "2.18"]
[White "Maryasin, Boris"]
[Black "Arsic, Djordje"]
[Result "1-0"]
[WhiteElo "2332"]
[BlackElo "2153"]
[PlyCount "59"]
[EventDate "2015.07.25"]

1. e4 e5 2. Nf3 Nc6 3. Bc4 Nf6 4. d3 Be7 5. O-O d6 6. c3 O-O 7. Nbd2 Na5 8. Bb5
a6 9. Ba4 b5 10. Bc2 c5 11. Re1 Qc7 12. Nf1 Bd7 13. Ng3 g6 14. h3 Ne8 15. d4
cxd4 16. cxd4 Nc6 17. Be3 Ng7 18. Rc1 Qb7 19. Bb3 exd4 20. Nxd4 Nxd4 21. Qxd4
Ne6 22. Bd5 Nxd4 23. Bxb7 Rab8 24. Rc7 Nc2 25. Re2 Bc8 26. Bxc8 Nxe3 27. Rxe7
Nc4 28. Bb7 Rfd8 29. Bd5 Ne5 30. Rc2 1-0

[Event "5. OPEN International Championship of Vo"]
[Site "Novi Sad"]
[Date "2015.07.25"]
[Round "2.19"]
[White "Cica, Dragan"]
[Black "Pantelic, Sasa"]
[Result "0-1"]
[WhiteElo "2151"]
[BlackElo "2324"]
[PlyCount "118"]
[EventDate "2015.07.25"]

1. e4 c5 2. Nf3 d6 3. d4 cxd4 4. Nxd4 Nf6 5. Nc3 g6 6. Be3 Bg7 7. f3 O-O 8. Qd2
Nc6 9. O-O-O d5 10. Kb1 Nxd4 11. e5 Nf5 12. exf6 exf6 13. Bc5 d4 14. Nb5 Ne3
15. Bxf8 Qxf8 16. Re1 Bh6 17. Qxd4 Bf5 18. Rxe3 Rd8 19. Re1 Rxd4 20. Nxd4 Bd7
21. Bd3 Qd6 22. Nb3 Be6 23. Rd1 Qb6 24. h4 f5 25. c3 Bg7 26. Nd4 Bxd4 27. cxd4
Qxd4 28. h5 Kg7 29. hxg6 hxg6 30. b3 Qf2 31. Rhg1 a5 32. Bc2 b5 33. a4 Qe3 34.
Kb2 Qe5+ 35. Kb1 Qc5 36. Kb2 Qb4 37. axb5 a4 38. Rd3 Bc4 39. Rgd1 axb3 40. Bxb3
Bxd3 41. Rxd3 Qxb5 42. Rd2 Kf6 43. Kc3 Kg5 44. Bd5 Kf4 45. Bc4 Qc5 46. Re2 f6
47. Rd2 g5 48. Kb3 Kg3 49. Bd5 Qc1 50. Rc2 Qd1 51. Bc6 Qd3+ 52. Kb2 Kf4 53. Kc1
Ke3 54. Kb2 Qd4+ 55. Kb3 Qb6+ 56. Ka3 Kd3 57. Ba4 Qd6+ 58. Ka2 Qa6 59. Ka3 Qa5
0-1

[Event "5. OPEN International Championship of Vo"]
[Site "Novi Sad"]
[Date "2015.07.25"]
[Round "2.20"]
[White "Marholev, Dimitar"]
[Black "Gajcin, Marina"]
[Result "1-0"]
[WhiteElo "2317"]
[BlackElo "2149"]
[PlyCount "113"]
[EventDate "2015.07.25"]

1. e4 c5 2. Nc3 Nc6 3. Bb5 Nd4 4. Bc4 g6 5. Nge2 Bg7 6. O-O e6 7. Nxd4 cxd4 8.
Nb5 d6 9. c3 Nf6 10. Re1 O-O 11. Nxd4 Nxe4 12. Rxe4 d5 13. Bxd5 exd5 14. Re1
Bxd4 15. cxd4 Qh4 16. d3 Qxd4 17. Bh6 Rd8 18. Bg5 Rf8 19. Qb3 Bf5 20. Re3 Rfe8
21. Rae1 Rxe3 22. Bxe3 Rc8 23. h3 f6 24. Bh6 Qh4 25. Qxd5+ Kh8 26. g4 Bxg4 27.
Qf7 Qxh6 28. Re8+ Rxe8 29. Qxe8+ Kg7 30. Qe7+ Kg8 31. hxg4 Qc1+ 32. Kg2 Qxb2
33. Qd8+ Kg7 34. d4 Qxa2 35. d5 Qc4 36. Qe7+ Kh6 37. Qe3+ Kg7 38. Qe7+ Kh6 39.
Kg3 Qc3+ 40. f3 g5 41. d6 Qd4 42. Kh3 Qa1 43. Kg2 Qb2+ 44. Kf1 Qb1+ 45. Ke2
Qc2+ 46. Ke3 Qc1+ 47. Kd3 Qd1+ 48. Ke4 Qe2+ 49. Kf5 Qxf3+ 50. Ke6 Qxg4+ 51. Kf7
f5 52. d7 Qh5+ 53. Kf8 Qg6 54. d8=Q f4 55. Qdd7 Qc6 56. Qg7+ Kh5 57. Qh3# 1-0

[Event "6. OPEN International Ch of Vojvodina 20"]
[Site "Novi Sad"]
[Date "2015.07.25"]
[Round "2.21"]
[White "Markov, Ziva"]
[Black "Stojanovic, Andjelija"]
[Result "1/2-1/2"]
[WhiteElo "2144"]
[BlackElo "2313"]
[PlyCount "62"]
[EventDate "2015.07.25"]

1. e4 d6 2. d4 Nf6 3. Nc3 e5 4. dxe5 dxe5 5. Qxd8+ Kxd8 6. Bg5 Nbd7 7. O-O-O c6
8. Bxf6+ gxf6 9. g3 h5 10. Bh3 Bh6+ 11. Kb1 Kc7 12. Nge2 Nc5 13. Bxc8 Raxc8 14.
b4 Ne6 15. Rd3 a5 16. b5 Bf8 17. Rhd1 Nc5 18. Rf3 Be7 19. h4 Rcd8 20. Rxd8 Rxd8
21. Rf5 Rd2 22. bxc6 Nxe4 23. cxb7 Kxb7 24. Nxe4 Rxe2 25. Nc3 Rd2 26. Kb2 Bc5
27. Ne4 Bd4+ 28. Kb3 a4+ 29. Kxa4 Rxc2 30. Kb3 Rb2+ 31. Kc4 Rxa2 {...dalje
necitko..50} 1/2-1/2

[Event "6. OPEN International Ch of Vojvodina 20"]
[Site "Novi Sad"]
[Date "2015.07.25"]
[Round "2.22"]
[White "Besedes, Danilo"]
[Black "Lukajic, Bojan"]
[Result "1/2-1/2"]
[WhiteElo "2307"]
[BlackElo "2142"]
[PlyCount "77"]
[EventDate "2015.07.25"]

1. d4 Nf6 2. c4 g6 3. f3 Bg7 4. e4 d6 5. Nc3 O-O 6. Be3 e5 7. Nge2 Nbd7 8. Qd2
c6 9. d5 cxd5 10. cxd5 Nh5 11. g4 Nf4 12. Nxf4 exf4 13. Bxf4 Ne5 14. Be2 a6 15.
O-O Re8 16. Kh1 b5 17. a3 Bd7 18. Rac1 Qb8 19. Rfd1 a5 20. Na2 Qb7 21. Bh6 Bh8
22. b4 a4 23. Rc2 Rac8 24. Rdc1 Rxc2 25. Rxc2 Rc8 26. Qc1 Rxc2 27. Qxc2 Bg7 28.
Bxg7 Kxg7 29. g5 Qb6 30. Kg2 Qe3 31. h4 Qf4 32. Qc7 Qxh4 33. Qd8 Bh3+ 34. Kh2
Bd7+ 35. Kg2 Qh3+ 36. Kf2 Qh2+ 37. Ke1 Qg1+ 38. Kd2 Qd4+ 39. Ke1 1/2-1/2

[Event "6. OPEN International Ch of Vojvodina 20"]
[Site "Novi Sad"]
[Date "2015.07.25"]
[Round "2.23"]
[White "Drljevic, Ljilja"]
[Black "Mikheev, Stanislav"]
[Result "0-1"]
[WhiteElo "2140"]
[BlackElo "2303"]
[PlyCount "56"]
[EventDate "2015.07.25"]

1. g3 e5 2. Bg2 g6 3. d4 d6 4. dxe5 dxe5 5. Qxd8+ Kxd8 6. Nf3 f6 7. Nc3 c6 8.
Be3 Kc7 9. Ne4 Bf5 10. Nfd2 Nd7 11. O-O-O Be6 12. Nb3 b6 13. Nc3 Rd8 14. Rd3
Bc4 15. Rd2 Bb4 16. Rhd1 Ne7 17. Bh6 Be6 18. Rd3 Bc4 19. R3d2 Rhg8 20. Bh3 Nf5
21. e4 Nd6 22. a3 Bc5 23. Bxd7 Bxb3 24. Bh3 Bf7 25. Re2 g5 26. Bf5 Bh5 27. Rde1
Bxe2 28. Rxe2 Nf7 0-1

[Event "6. OPEN International Ch of Vojvodina 20"]
[Site "Novi Sad"]
[Date "2015.07.25"]
[Round "2.24"]
[White "Nomin-Erdene, Davaademberel"]
[Black "Tepavcevic, Igor"]
[Result "1-0"]
[WhiteElo "2303"]
[BlackElo "2140"]
[PlyCount "69"]
[EventDate "2015.07.25"]

1. e4 c5 2. Nf3 e6 3. d4 cxd4 4. Nxd4 a6 5. c4 Nf6 6. Nc3 Bb4 7. Qc2 Qc7 8. a3
Bxc3+ 9. Qxc3 Nxe4 10. Nb5 axb5 11. Qxg7 Rf8 12. Bh6 Qc5 13. f3 Nf2 14. b4 Qe7
15. Kxf2 bxc4 16. Qxf8+ Qxf8 17. Bxf8 Kxf8 18. Bxc4 d5 19. Bd3 h6 20. Rhc1 Nc6
21. f4 Bd7 22. Ke3 Ke7 23. g4 f6 24. Rg1 Rg8 25. h4 e5 26. fxe5 fxe5 27. g5
hxg5 28. hxg5 Kd6 29. Rad1 Nd4 30. Rdf1 Ke7 31. g6 Rg7 32. Rh1 Ne6 33. Rh7 Be8
34. Bf5 d4+ 35. Kd2 1-0

[Event "6. OPEN International Ch of Vojvodina 20"]
[Site "Novi Sad"]
[Date "2015.07.25"]
[Round "2.25"]
[White "Leroy, Didier"]
[Black "Ileana, George"]
[Result "1-0"]
[WhiteElo "2290"]
[BlackElo "2132"]
[PlyCount "97"]
[EventDate "2015.07.25"]

1. d4 Nf6 2. c4 c5 3. d5 e6 4. Nc3 exd5 5. cxd5 Bd6 6. g3 O-O 7. Bg2 Re8 8. Nf3
Bf8 9. Nd2 d6 10. O-O Na6 11. Nc4 Rb8 12. Nb5 Nc7 13. a4 Nxb5 14. axb5 Bd7 15.
Qb3 a6 16. bxa6 bxa6 17. Qc2 Bb5 18. Re1 g6 19. Na5 Qb6 20. b3 Bg7 21. Bb2 Re7
22. e3 Ne8 23. Bxg7 Nxg7 24. Red1 Ne8 25. Qc3 Rd7 26. h4 Qd8 27. Nc6 Bxc6 28.
dxc6 Ra7 29. Ra4 Nc7 30. h5 Qf8 31. hxg6 hxg6 32. Rd3 Nb5 33. Qd2 Qg7 34. Bf3
Re8 35. Kg2 Re5 36. Qa5 Qf8 37. Qb6 Qa8 38. Ra5 Rf5 39. Bd5 Nc7 40. Be4 Re5 41.
Bf3 Re6 42. Rd1 Kg7 43. b4 cxb4 44. Qxb4 Nb5 45. c7 d5 46. Bxd5 Rc6 47. Rxb5
axb5 48. Qd4+ Kg8 49. Rh1 1-0

[Event "6. OPEN International Ch of Vojvodina 20"]
[Site "Novi Sad"]
[Date "2015.07.25"]
[Round "2.26"]
[White "Mazet, Julien"]
[Black "Banas, Jan"]
[Result "1/2-1/2"]
[WhiteElo "2139"]
[BlackElo "2279"]
[PlyCount "87"]
[EventDate "2015.07.25"]

1. d4 Nf6 2. Nf3 g6 3. c4 Bg7 4. Nc3 d5 5. Bg5 Ne4 6. Bh4 Nxc3 7. bxc3 dxc4 8.
Qa4+ c6 9. Qxc4 Qa5 10. e3 Be6 11. Qd3 Na6 12. Be2 Nc5 13. Qc2 Ne4 14. Rc1 Nd6
15. a4 Nf5 16. Bg5 h6 17. Bf4 O-O 18. O-O Nd6 19. c4 g5 20. Bg3 Nf5 21. c5 Nxg3
22. hxg3 Qc7 23. Nd2 Qd7 24. Rfd1 f5 25. Bc4 f4 26. Bxe6+ Qxe6 27. Qc4 Qd5 28.
Qxd5+ cxd5 29. gxf4 gxf4 30. Rb1 fxe3 31. fxe3 b6 32. Rb5 bxc5 33. Rxc5 e6 34.
Rb1 Bf6 35. Rb7 Rf7 36. Rxf7 Kxf7 37. Rc7+ Kg6 38. Kf2 Rf8 39. Nf3 Rf7 40. Rxf7
Kxf7 41. g4 Ke7 42. Ke2 Kd7 43. Nd2 Kc6 44. Nb3 1/2-1/2

[Event "6. OPEN International Ch of Vojvodina 20"]
[Site "Novi Sad"]
[Date "2015.07.25"]
[Round "2.28"]
[White "Tsifanskaya, Ludmila A"]
[Black "Kumic, Filip"]
[Result "0-1"]
[WhiteElo "2129"]
[BlackElo "2253"]
[PlyCount "78"]
[EventDate "2015.07.25"]

1. e4 c5 2. Nf3 d6 3. d4 cxd4 4. Qxd4 Nc6 5. Bb5 Bd7 6. Bxc6 Bxc6 7. Nc3 Nf6 8.
Bg5 e6 9. O-O-O Be7 10. Qd3 O-O 11. Nd4 Qa5 12. Bd2 Qc7 13. f4 Rfc8 14. Rhg1 a6
15. g4 b5 16. Rde1 b4 17. Nxc6 Qxc6 18. Ne2 Qc4 19. Qxc4 Rxc4 20. Ng3 Rac8 21.
c3 bxc3 22. Bxc3 d5 23. g5 Nxe4 24. Nxe4 dxe4 25. Kb1 Kf8 26. Rgf1 R8c5 27. h4
Rb5 28. Rc1 f6 29. b3 Kf7 30. Bb2 Rxc1+ 31. Rxc1 Rc5 32. Rd1 Rd5 33. Re1 f5 34.
h5 Bd6 35. g6+ hxg6 36. hxg6+ Kxg6 37. Rg1+ Kh5 38. Rg5+ Kh4 39. Bc1 Rd1 0-1

[Event "6. OPEN International Ch of Vojvodina 20"]
[Site "Novi Sad"]
[Date "2015.07.25"]
[Round "2.30"]
[White "Lundin, Jan"]
[Black "Srdjanov, Stevan"]
[Result "1/2-1/2"]
[WhiteElo "2245"]
[BlackElo "2123"]
[PlyCount "64"]
[EventDate "2015.07.25"]

1. e4 d6 2. Nc3 Nf6 3. f4 g6 4. Nf3 Bg7 5. g3 c5 6. d3 Nc6 7. Bg2 O-O 8. O-O
Rb8 9. Rb1 b5 10. a3 a5 11. Kh1 b4 12. axb4 axb4 13. Nd5 e6 14. Ne3 Nd4 15. g4
Bb7 16. Bd2 Nxf3 17. Bxf3 d5 18. e5 Nd7 19. g5 Qe7 20. Ng4 Rfd8 21. Ra1 Ra8 22.
Qe2 Nb6 23. Qg2 Rxa1 24. Rxa1 Ra8 25. Rxa8+ Bxa8 26. Be3 Qf8 27. c3 bxc3 28.
bxc3 Na4 29. c4 Nb6 30. Bd2 dxc4 31. Bxa8 Nxa8 32. dxc4 Nb6 1/2-1/2